00438cam a22001097a 4500008004000000082003300040100002500073245010700098260004800205300000900253440006600262180718b1973 xxu||||| |||| 00| 0 eng d aA81x54 In2/71/12/PT10A&10B/C aCensus of India 1971 aManipur district census handbook, Manipur Central: town and village directory, primary census abstract aDelhibThe Controller of Publicationsc1973 av.p. aCensus of India 1971. Series-12, Manipur. Part X-A & Part X-B